Waltzing with Bears : Managing Risk on Software Projects /

Guardado en:
Detalles Bibliográficos
Autor principal: DeMarco, Tom (autor)
Otros autores: Lister, Timothy (autor) (autor)
Formato: Libro
Idioma:Inglés
Publicado: Nueva York, EUA : Dorset House, 2003, c2003
Temas:
Etiquetas: Agrega una etiqueta
Sin etiquetas, Sé el primero en etiquetar este registro!

MARC

LEADER 00000nam^a2200000^a^4500
001 000154194
005 20250521000000.0
009 20260310100344.101
020 |a 0-932633-60-9 
037 |a Acervo ITESO - Biblioteca 
041 |a ING 
082 |a 658. 00285  |b DEM 
100 |a DeMarco, Tom  |e (autor) 
245 1 0 |a Waltzing with Bears :  |b Managing Risk on Software Projects /  |c T. DeMarco, T. Lister. 
264 4 |a Nueva York, EUA :  |b Dorset House,  |c 2003, c2003 
300 |a X, 196 p. 
336 |a texto  |b txt  |2 rdacontenido 
337 |a sin mediación  |b n  |2 rdamedio 
338 |a volumen  |b nc  |2 rdasoporte 
649 |a XX 
650 |a Riesgo Económico -  |x Administración 
650 |a Programación (Software) 
650 |a Desarrollo de Sistemas 
650 |a Sistemas Computacionales 
650 |a Computadoras en la Industria 
650 |a Ingeniería Computacional 
650 |a Administración de Proyectos 
650 |a Empresas -  |x Administración 
650 |a Ciencias Administrativas 
700 |a Lister, Timothy  |e (autor) 
910 |a Fondo General 
920 |a Impresos - Libros 
930 |a Colección General 
905 |a 101 
901 |a 0500086287  |b IT1  |c ACC  |u 20250521 
902 |a https://opac.biblio.iteso.mx/vufind/Record/000154194